Catálogo
 En Linea

Memoria que al ciudadano presidente de la república presenta el ciudadano secretario de estado de Guerra y Marina. (Registro nro. 31866)

Detalles MARC
000 -CABECERA
campo de control de longitud fija 01119nam a2200241 a 4500
001 - NÚMERO DE CONTROL
campo de control 000032375
003 - IDENTIFICADOR DEL NÚMERO DE CONTROL
campo de control OSt
005 - FECHA Y HORA DE LA ÚLTIMA TRANSACCIÓN
campo de control 20201123134328.0
008 - DATOS DE LONGITUD FIJA--INFORMACIÓN GENERAL
campo de control de longitud fija 110714s1913 dr r 000 0 spa d
040 ## - FUENTE DE LA CATALOGACIÓN
Centro catalogador/agencia de origen DO-SdBNP
Lengua de catalogación spa
Centro/agencia transcriptor BNPHU
082 #4 - NÚMERO DE LA CLASIFICACIÓN DECIMAL DEWEY
Número de clasificación 359.0097293
Número de documento/Ítem R426m, 1912-1913
Número de edición 22
110 1# - ENTRADA PRINCIPAL--NOMBRE DE ENTIDAD CORPORATIVA
Nombre de entidad corporativa o nombre de jurisdicción como elemento de entrada República Dominicana
Unidad subordinada Secretaria de Estado de Guerra y Marina
9 (RLIN) 30897
245 00 - MENCIÓN DE TÍTULO
Título Memoria que al ciudadano presidente de la república presenta el ciudadano secretario de estado de Guerra y Marina.
260 ## - PUBLICACIÓN, DISTRIBUCIÓN, ETC.
Lugar de publicación, distribución, etc. Santo Domingo :
Nombre del editor, distribuidor, etc. Secretaria de Estado de Guerra y Marina
Fecha de publicación, distribución, etc. 1913.-1914
300 ## - DESCRIPCIÓN FÍSICA
Extensión 78 p. ;
Dimensiones 28 cm.
501 ## - NOTA DE "CON"
Nota de “Con” Encuadernado con: Memoria que al presidente de la República presenta el Secretaria de Estado de Guerra y Marina, 1913, publicado en 1914
590 ## - NOTA LOCAL (RLIN)
Nota local Inventariado, 2018/BT
610 14 - PUNTO DE ACCESO ADICIONAL DE MATERIA--NOMBRE DE ENTIDAD CORPORATIVA
Nombre de entidad corporativa o nombre de jurisdicción como elemento de entrada República Dominicana.
Unidad subordinada Secretaria de Estado de Guerra y Marina
Subdivisión de forma Informes
9 (RLIN) 77368
651 #4 - PUNTO DE ACCESO ADICIONAL DE MATERIA--NOMBRE GEOGRÁFICO
Nombre geográfico República Dominicana
Subdivisión general Fuerzas Armadas
Subdivisión de forma Informes
Subdivisión cronológica 1912
9 (RLIN) 77369
651 #4 - PUNTO DE ACCESO ADICIONAL DE MATERIA--NOMBRE GEOGRÁFICO
Nombre geográfico República Dominicana
Subdivisión general Fuerzas Armadas
Subdivisión de forma Informes
Subdivisión cronológica 1913
9 (RLIN) 77370
910 ## - DATOS DE OPCIÓN DEL USUARIO (OCLC)
Datos de opción del usuario Validado. Control de calidad MFF
942 ## - ELEMENTOS DE PUNTO DE ACCESO ADICIONAL (KOHA)
Fuente del sistema de clasificación o colocación Dewey Decimal Classification
Tipo de ítem Koha Libro
Existencias
Estado de retiro Estado de pérdida Fuente del sistema de clasificación o colocación No para préstamo Código de colección Localización permanente Ubicación/localización actual Ubicación en estantería Fecha de adquisición Número de inventario Total de préstamos Signatura topográfica completa Código de barras Fecha visto por última vez Precio válido a partir de Tipo de ítem Koha Nota pública
    Dewey Decimal Classification Excluido de préstamo Raros y valiosos Patrimonio Dominicano Patrimonio Dominicano Depósito 14.07.2011 LF1   359.0097293 R426m 1912-1913 32375-10 25.06.2020 25.06.2020 No se presta Perteneció a la biblioteca personal de Julio Ortega Frier.

Con tecnología Koha